000 00834nam a2200253Ia 4500
003 OSt
005 20220923210957.0
006 a|||||r|||| 00| 0
007 ta
008 Pun
020 _a8130202339 (hbk)
_c350
024 _a284,481
037 _b931, 27/03/2015, H.K. Prakashan
_cTextual
040 _aARTS
_cARTS
_bPun
041 _2Pun
_aPun
082 _aO153,3wk, N9;Q0.2
100 _aਧਨਵੰਤ ਕੌਰ
_9156758
245 0 _aਪੰਜਾਬੀ ਨਾਵਲਕਾਰ ਸੰਦਰਭ ਕੋF
260 _aਪਟਿਆਲਾ
_b ਪੰਜਾਬੀ ਯੂਨੀਵਰਸਿਟੀ
_c2010
300 _a666ਪੰ
_ccm.
650 _aਪੰਜਾਬੀ ਸਾਹਿਤ
942 _hO153,3wk, N9;Q0.2
_cTEXL
_2CC
999 _c293410
_d293410